Perspectivas del comercio internacional de América Latina y el Caribe. La integración regional es clave para la recuperación tras la crisis. 2020

Saved in:
Bibliografiske detaljer
Institution som forfatter: Naciones Unidas Comisión Económica para América Latina y el Caribe
Format: Bog
Sprog:engelsk
Udgivet: Santiago, Chile. Naciones Unidas, 2021
Fag:
Online adgang:Disponible Online
Tags: Tilføj Tag
Ingen Tags, Vær først til at tagge denne postø!

MARC

LEADER 00000nam a22000007a 4500
003 CL-VaPUC
005 20230421154852.0
008 211005b2021 ||||| |||| 00| 0 eng d
999 |c 433641  |d 433639 
020 |a 9789211220261 
040 |c Pontificia Universidad Católica de Valparaíso 
082 |a 338.98 NAC 2021 
110 1 |a Naciones Unidas  |b Comisión Económica para América Latina y el Caribe   |9 863197 
245 1 0 |a Perspectivas del comercio internacional de América Latina y el Caribe.   |b La integración regional es clave para la recuperación tras la crisis. 2020 
260 3 |a Santiago, Chile.  |b Naciones Unidas,  |c 2021 
300 |a 182 páginas  
583 |c 20200303  |k GC 
650 0 0 |a Desarrollo económico y social   |9 256320 
650 0 0 |a Macroeconomía   |9 260301 
650 0 0 |a Comercio internacional  |9 294980  |z América Latina y el Caribe 
856 |u https://repositorio.cepal.org/bitstream/handle/11362/46613/1/S2000805_es.pdf  |y Disponible Online  
942 |2 ddc  |c BK 
952 |0 0  |1 0  |2 ddc  |4 0  |6 338_980000000000000_NAC_2021  |7 0  |8 A  |9 578935  |a BIBGIM  |b BIBGIM  |d 2021-10-05  |i 5624495  |o 338.98 NAC 2021  |p 5624495  |r 2025-01-15  |t 1  |w 2021-10-05  |y BK  |k GIM